00988nam a22002417a 4500999001700000003000900017008004100026040007100067082003000138100003100168245013900199260003300338300002600371650004100397650002900438650002000467650003400487650003400521710005800555942001600613945000800629952010900637 c22630d22630AR-CdUCM190427b ||||| |||| 00| 0 spa d aMUNICIPALIDAD PROVINCIAL DEL CUSCOcBIBLIOTECA MUNICIPAL DEL CUSCO a985.033/V17bV172segunda aValcárcel, Carlos Daniel aÍndice de documentos referentes al juicio sobre legítima descendencia del último Inca Túpac Amaru /cCarlos Daniel Valcárcel aCusco :bJL editores,c2021. a78 paginas. :c23 cm. aTúpac Amaru, José Gabriel944710 aFuentes primarias916778 aHistoria948700 aRebeliones indígenas931521 aLevantamientos andinos944095 aDirección Desconcentrada de Cultura de Cusco944310 2ddccLIBROS arac 002ddc4070aSHbSHcCARTd2022-12-05eDonacióng20.00o985.033/V17pSH0000016467r2022-12-05yLIBROS